Click the Countries by Landmarks - Statistics

General Stats
  • This quiz has been taken 103 times
  • The average score is 13 of 15
Answers on the Map
Answers color-coded by a green-red scale on the quiz's map according to % correct below.
 
Answer Stats
Answer % Correct
Statue of Liberty
98%
Sydney Opera House
98%
Great Pyramids of Giza
97%
Eiffel Tower
96%
Leaning Tower of Pisa
96%
Christ of Redemeer
94%
Taj Mahal
94%
Machu Picchu
93%
Stonehenge
93%
Parthenon
89%
Saint Basil's Cathedral
80%
The Little Mermaid
79%
Petra
77%
Petronas Towers
77%
Timbuktu
72%
No matching quizzes found
Score Distribution
Percent of People with Each Score
Percentile by Number Answered
Your Score History
You have not taken this quiz